000 00511nam a2200193Ia 4500
005 20250522104437.0
008 008 250516s9999 xx 000 0 eng d
020 _a9788129137425
040 _aSDCL
_beng
_cSDCL
041 _aeng
_2eng
084 _aO-,3NBC, Q5 LR
_qSDCL
100 _aBhagat, Chetan
245 0 _aMaking India Awesome:
_bNew Essays and Columns
260 _aNew Delhi:
_bRupa Publications,
_c2015.
300 _a177p.
365 _aINR
_b176
650 _aReference
942 _cTEXL
999 _c1430369
_d1430369